000 00341nam a2200133Ia 4500
008 151001s9999||||xx |||||||||||||| ||und||
100 _ap t gyamtso
245 _athe history religon culture and thaditins of bhutia communties
250 _a1
260 _bkastari bhattacharya kolkata
260 _c2011
300 _a128
365 _b21
999 _c999167
_d999164